000 00703nam a22002417a 4500
005 20170124110033.0
010 _aA-117957
020 _c00.00
035 _aA-117957
037 _bCen Lib/Ret
040 _aDPL
_bEN
082 _a301.24
_bMOO
100 _aMoore, Wilbert E
_922095
245 _aSocial change /
_cby Wilbert E. Moore
260 _aNew Jersey
_bPrentice-Hall
_c1963
270 _aEnglewood Cliff
_bNew Jersey
300 _aviii,120p.
_c23cm(Hb)
_bill.
490 _aMordern sociology series
500 _aIncludes reference and index
650 _aSocial change
_9101832
650 _aSocial change--Economic aspects
_922097
942 _2ddc
_cEN
_h301.24
_mMOO
999 _c127986
_d127986